| 000 | 00489nam a22001817a 4500 | ||
|---|---|---|---|
| 003 | BDDh-ASL | ||
| 005 | 20231015031054.0 | ||
| 008 | 221221s1877 xx ||||| |||| 00| 0 a d | ||
| 040 |
_aBDDh-ASL _cBDDh-ASL |
||
| 041 | _aara | ||
| 082 |
_a297 _bHUM |
||
| 100 | 1 |
_aHussain, Khadim _96831 |
|
| 245 | 1 | 0 | _aMajmu' Rasailus Sab' : / مجموع رسائل السبع |
| 260 |
_bMustafai Press , _c1877/1299H. |
||
| 300 |
_a60 p. : _c31 cm. |
||
| 650 | 0 |
_aIslam _91652 |
|
| 942 |
_2ddc _cBK |
||
| 999 |
_c29804 _d29804 |
||